000 00940nam a22002537a 4500
005 20170124103023.0
010 _aA-885948
020 _c100.00
035 _aA-885948
037 _bCen Lib/Ret
040 _aDPL
_bHN
082 _a
_bबनाफ
100 _aबनाफर चन्द्र
_961126
245 _aकाला पंछी :
_cबनाफर चन्द्र
_bअतीत कथा /
246 _aKala panchhi : ateet katha /
_bby Banaphar Chandra
260 _aदिल्ली
_bयात्री प्रकाशन
_c1997
270 _bदिल्ली
_aबी-131, सादतपुर
_e110094
300 _a127पृ.
_c21सेमी(सजिल्द)
650 _aहिन्दी साहित्य
_961127
650 _aउपन्यास
_961128
650 _aHindi literature
_961129
650 _aFiction
_98901
942 _2ddc
_h
_cHN
_mबनाफ
999 _c115368
_d115368